Science Quiz

Random Science or Elements Quiz

Single Letter Elements Quiz Stats

 Plays Quiz Updated Mar 18, 2020

Support Sporcle.
Go Orange.
Score 0/14 Timer 02:00
36 Plays Today
Element % Correct
Hydrogen
95%
Oxygen
92.3%
Carbon
90%
Nitrogen
83.3%
Boron
80%
Potassium
78.7%
Iodine
64.8%
Element % Correct
Sulfur
63.8%
Fluorine
62.9%
Phosphorus
55.4%
Tungsten
51.6%
Uranium
48.3%
Vanadium
36.3%
Yttrium
36.1%

From the Vault

Ten Group Blitz: Movies

by petenge

Movies 30s
Here are some movies at high speed.
Remove Ads.
Support Sporcle.
Get the best of Sporcle when you Go Orange. This ad-free experience offers more features, more stats, and more fun while also helping to support Sporcle. Thank you for becoming a member.

Show Comments

Extras

Top Quizzes Today


Score Distribution

Your Account Isn't Verified!

In order to create a playlist on Sporcle, you need to verify the email address you used during registration. Go to your Sporcle Settings to finish the process.

Report this User

Report this user for behavior that violates our Community Guidelines.

Details: